00474nam a2200169Ia 4500003000400000005001700004008004100021040000700062041001000069082001600079100005700095245006500152260004400217300001200261365000700273650002400280OSt20240806140839.0210719s2005 xx 000 0 und d cAL aHindi aH891.8 KRAB aKRANTI (Vijay)dविजय क्रांति  aBharat aur tibbat.bभारत और तिब्बत  aNayi DillibTibbat Desh Prakashanc2005 a272bPB cRs aHindi Miscellaneous